000 00437nam a22001817a 4500
003 koha_MIRAKIL
005 20231213095450.0
008 231213b |||||||| |||| 00| 0 ||| d
020 _b978-9-75342068-6
040 _aTR-IsEVY
_btur
_cTR-IsEVY
082 _a810 KAR/N
100 _aKARASU, BİLGE.
245 0 _aNARLA İNCİRE GAZEL.
260 _bMetis,
_c2012
300 _a139.
650 _aTürk Edebiyatı.
942 _2ddc
_cBK
999 _c4090
_d4090